| 000 | 00670nam a2200217Ia 4500 | ||
|---|---|---|---|
| 005 | 20250508165910.0 | ||
| 008 | 008 250505s9999 xx 000 0 eng d | ||
| 020 | _a0-13-236324-0 | ||
| 037 | _aReference | ||
| 040 |
_aFEDL _beng _cFEDL |
||
| 041 |
_aeng _2eng |
||
| 084 |
_a155.82, KIT/RR _qFEDL |
||
| 100 |
_aKitayama Shinobu Ed. _9471762 |
||
| 245 | 0 | _aHandbook of cultural psychology | |
| 260 |
_aNew York, USA _bGuilford Press _c2007 |
||
| 300 | _axviii, 894p. | ||
| 546 | _aGifted by H.O.D. Namita Ranganathan memory of Prof. Arvind Gaysu | ||
| 700 |
_a Cohen Dov Ed. _9782352 |
||
| 942 |
_cREF _h155.82, KIT/RR |
||
| 999 |
_c1398071 _d1398071 |
||